00283nam a22000977a 4500008004100000082001600041100000800057245009000065260002200155300000800177230621b xxu||||| |||| 00| 0 eng d a328.30bCPA cCPA a3rd Commonwealth Parliamentary Conference of Members from Small CountriesbKenya 1983 aLondonbCPAc1983 a68p